Viejos y jóvenes
Guardat en:
| Autor principal: | |
|---|---|
| Format: | Llibre |
| Idioma: | espanyol |
| Publicat: |
Buenos Aires
Espasa-Calpe
1946
|
| Edició: | 2a. ed |
| Col·lecció: | Colección Austral
|
| Matèries: | |
| Etiquetes: |
Afegir etiqueta
Sense etiquetes, Sigues el primer a etiquetar aquest registre!
|
MARC
| LEADER | 00000nam a2200000 a 4500 | ||
|---|---|---|---|
| 001 | UCS3926 | ||
| 003 | CL-VaPUC | ||
| 008 | 970718e19460000AG |||||||||||||||||spa|d | ||
| 082 | 0 | 4 | |a 864 |b UNA |2 21 |
| 100 | 0 | |a Unamuno, Miguel de |e author |9 312478 | |
| 245 | 1 | 0 | |a Viejos y jóvenes |
| 250 | |a 2a. ed | ||
| 300 | |a 158 p | ||
| 942 | |c BK | ||
| 945 | |d 19970718 00:00:00 |a jquezada | ||
| 260 | |a Buenos Aires |b Espasa-Calpe |c 1946 | ||
| 650 | 0 | |a Ensayos españoles |9 313128 | |
| 650 | 0 | |a Formas y géneros literarios |9 324031 | |
| 650 | 0 | |a Filosofía de la literatura |9 267374 | |
| 583 | |a last modification |c 20121007 09:23:10 |k Rodrigo Vera | ||
| 490 | 0 | |a Colección Austral | |
| 999 | |c 261389 |d 261387 | ||
| 952 | |0 0 |1 0 |4 0 |6 864_000000000000000_UNA_1946 |7 0 |8 A |9 288788 |a BIBEDU |b BIBEDU |d 2019-11-19 |i 300239K |o 864 UNA 1946 |p 300239K |r 2019-11-19 |w 2019-11-19 |y BK |k LIT | ||